Normal view
MARC view
Entry Personal Name
001 - CONTROL NUMBER
- control field: 5309
003 - CONTROL NUMBER IDENTIFIER
- control field: BD-RjUL
005 - DATE AND TIME OF LATEST TRANSACTION
- control field: 20221018125212.0
008 - FIXED-LENGTH DATA ELEMENTS
- fixed length control field: 221018|| aca||aabn | a|a d
040 ## - CATALOGING SOURCE
- Original cataloging agency: BD-RjUL
- Transcribing agency: BD-RjUL
100 ## - HEADING--PERSONAL NAME
- Personal name: Altamira, Rafael,
- Dates associated with a name: 1866-1951
670 ## - SOURCE DATA FOUND
- Source citation: Work cat.: (BD-RjUL)80558: Altamira, Rafael, 1866-1951., A history of Spain from the beginnings to the present day /, 1949 [reprinted 1952]